00918nam a22001937a 4500999001700000020001800017082001700035245004900052260003200101300002800133520029100161546001200452650002000464650002800484650002800512700002600540942001200566952014600578 c38906d38906 a9781138695689 a305.42bFEM- aFeminisms:bA Reader/cedited by Maggie Humm aNew york:bRoutledge,c2024 a420p.bIndex, Reference aThis major textbook for women's studies provides an excellent and wide-ranging introduction to feminist ideas and perspectives on issues such as the family, sexuality, work, education, patriarchy, race, language, culture and representation. It brings together over seventy key excerpts. aEnglish aFeminist theory aFeminismzUnited states aFeminismzGreat britain aHumm, Maggieeeditor. 2ddccBK 00104070aNASSDOCbNASSDOCd2024-03-19eRajasthani Granthagarg1263.50l0o305.42 FEM-p54056r2024-04-22 00:00:00v1750.00w2024-04-22yBK